000 01012nam a2200301Ia 4500
005 20220317000748.0
008 160601s2004 ag g 000 0 spa
020 _a9504911986
100 1 _aMartínez, Tomás Eloy
_d1938-
245 1 3 _aEl cantor del tango
_cTomás Eloy Martínez
250 _a1a. edición
300 _a253 páginas
_c23 cm
490 _aAutores Españoles e Iberoamericanos
650 1 4 _2LEMB
_aNovela argentina
_ySiglo XX
650 1 4 _2LEMB
_aLiteratura argentina
_ySiglo XX
650 1 4 _2LEMB
_aMúsica en la literatura
650 1 4 _2LEMB
_aTangos en la literatura
650 1 4 _2LEMB
_aRealidad en la literatura
650 1 4 _2LEMB
_aSentimientos en la literatura
651 4 _aBuenos aires (Argentina)
_xHistoria
_954208
942 _2loc
_cBKLIT
264 _aBuenos Aires
_bPlaneta
_c2004
336 _atexto
_btxt
_2rdacontent
337 _asin mediación
_bn
_2rdamedia
338 _avolumen
_bnc
_2rdacarrier
040 _aCO-BoRNBP
_bspa
_erda
_cCO-BoRNBP
084 _aN MAR16
999 _c4986
_d4986